[Event "XIII International Chess Festival"]
[Site "Paracin"]
[Date "2020.07.07"]
[Round "5.11"]
[White "Srdanovic, Jovana"]
[Black "Ivanovic, Marko"]
[Result "0-1"]
[BlackElo "2267"]
[WhiteElo "2070"]
[LiveChessVersion "1.4.8"]

1. d4 {[%clk 1:30:58]} d5 {[%clk 1:30:47]} 2. c4 {[%clk 1:31:11]} dxc4
{[%clk 1:31:08]} 3. e3 {[%clk 1:31:28]} e5 {[%clk 1:31:31]} 4. Bxc4
{[%clk 1:30:55]} exd4 {[%clk 1:31:57]} 5. exd4 {[%clk 1:30:38]} Bd6
{[%clk 1:32:12]} 6. h3 {[%clk 1:29:25]} Nf6 {[%clk 1:32:35]} 7. Nf3
{[%clk 1:29:46]} O-O {[%clk 1:32:59]} 8. O-O {[%clk 1:29:13]} h6 {[%clk 1:33:21]}
9. Nc3 {[%clk 1:27:06]} Nc6 {[%clk 1:33:25]} 10. Be3 {[%clk 1:11:47]} Bf5
{[%clk 1:33:14]} 11. Nh4 {[%clk 0:57:37]} Bh7 {[%clk 1:26:30]} 12. Bd3
{[%clk 0:54:07]} Qd7 {[%clk 1:09:02]} 13. Bxh7+ {[%clk 0:49:18]} Nxh7
{[%clk 1:09:20]} 14. Ne4 {[%clk 0:48:15]} Rad8 {[%clk 1:06:25]} 15. Nc5
{[%clk 0:36:36]} Qc8 {[%clk 1:00:01]} 16. Qf3 {[%clk 0:30:03]} Ng5
{[%clk 0:53:58]} 17. Qf5 {[%clk 0:21:51]} Qxf5 {[%clk 0:50:29]} 18. Nxf5
{[%clk 0:22:15]} Bxc5 {[%clk 0:50:51]} 19. dxc5 {[%clk 0:22:40]} Rd5
{[%clk 0:51:15]} 20. Ng3 {[%clk 0:21:47]} Ne6 {[%clk 0:48:19]} 21. Rfd1
{[%clk 0:18:12]} Rfd8 {[%clk 0:48:13]} 22. Rxd5 {[%clk 0:18:38]} Rxd5
{[%clk 0:48:38]} 23. Rc1 {[%clk 0:18:09]} Nb4 {[%clk 0:43:23]} 24. a3
{[%clk 0:18:04]} Nd3 {[%clk 0:43:46]} 25. Rd1 {[%clk 0:18:28]} c6
{[%clk 0:44:02]} 26. Ne4 {[%clk 0:15:59]} Nxb2 {[%clk 0:44:13]} 27. Rd2
{[%clk 0:08:08]} Nc4 {[%clk 0:43:52]} 28. Rc2 {[%clk 0:07:29]} Nxe3
{[%clk 0:43:28]} 29. fxe3 {[%clk 0:07:56]} f5 {[%clk 0:43:54]} 30. Nd6
{[%clk 0:04:39]} Nxc5 {[%clk 0:44:14]} 31. Nc8 {[%clk 0:04:50]} Kf7
{[%clk 0:43:47]} 32. Nxa7 {[%clk 0:04:57]} Ne4 {[%clk 0:43:46]} 33. Nc8
{[%clk 0:04:43]} Rd1+ {[%clk 0:41:25]} 34. Kh2 {[%clk 0:05:07]} Rb1
{[%clk 0:41:34]} 35. a4 {[%clk 0:05:10]} Ke6 {[%clk 0:40:53]} 36. a5
{[%clk 0:05:28]} Ra1 {[%clk 0:39:03]} 37. Na7 {[%clk 0:03:39]} Rxa5
{[%clk 0:39:18]} 38. Nxc6 {[%clk 0:04:04]} bxc6 {[%clk 0:39:42]} 39. Rxc6+
{[%clk 0:04:30]} Kf7 {[%clk 0:39:11]} 40. h4 {[%clk 0:04:06]} Ra3
{[%clk 0:39:32]} 41. Rc7+ {[%clk 0:04:22]} Kg6 {[%clk 0:39:11]} 42. h5+
{[%clk 0:04:49]} Kxh5 {[%clk 0:39:38]} 43. Rxg7 {[%clk 0:05:09]} Rxe3
{[%clk 0:40:06]} 0-1

[Event "XIII International Chess Festival"]
[Site "Paracin"]
[Date "2020.07.07"]
[Round "5.12"]
[White "Van Dael, Siem"]
[Black "Petkovic, Jovan"]
[Result "1-0"]
[BlackElo "1980"]
[WhiteElo "2293"]
[LiveChessVersion "1.4.8"]

1. e4 {[%clk 1:30:58]} d5 {[%clk 1:30:50]} 2. Nc3 {[%clk 1:30:41]} dxe4
{[%clk 1:30:33]} 3. Nxe4 {[%clk 1:30:41]} Nf6 {[%clk 1:30:21]} 4. Nxf6+
{[%clk 1:29:23]} exf6 {[%clk 1:30:44]} 5. d4 {[%clk 1:29:43]} Bd6
{[%clk 1:30:53]} 6. Bd3 {[%clk 1:29:55]} O-O {[%clk 1:30:31]} 7. Ne2
{[%clk 1:30:04]} Nc6 {[%clk 1:26:07]} 8. c3 {[%clk 1:30:20]} Re8 {[%clk 1:25:45]}
9. Qc2 {[%clk 1:30:24]} g6 {[%clk 1:25:46]} 10. Bd2 {[%clk 1:30:09]} a6
{[%clk 1:24:17]} 11. O-O-O {[%clk 1:29:19]} b5 {[%clk 1:24:16]} 12. h4
{[%clk 1:29:37]} Kf8 {[%clk 1:10:45]} 13. h5 {[%clk 1:27:09]} Ke7
{[%clk 1:07:00]} 14. hxg6 {[%clk 1:26:59]} hxg6 {[%clk 1:07:24]} 15. Bxg6
{[%clk 1:26:34]} Be6 {[%clk 1:06:50]} 16. Be4 {[%clk 1:25:44]} Na5
{[%clk 1:06:00]} 17. d5 {[%clk 1:25:19]} Bd7 {[%clk 1:04:19]} 18. Nd4
{[%clk 1:25:32]} Qb8 {[%clk 0:59:22]} 19. Rh7 {[%clk 1:24:50]} Rf8
{[%clk 0:52:29]} 20. Bh6 {[%clk 1:24:46]} Rh8 {[%clk 0:51:55]} 21. Re1
{[%clk 1:23:50]} Qg8 {[%clk 0:48:42]} 22. Bg7 {[%clk 1:23:46]} 1-0

[Event "XIII International Chess Festival"]
[Site "Paracin"]
[Date "2020.07.07"]
[Round "5.13"]
[White "Milovanovic, Srboljub"]
[Black "Radeva, Viktoria"]
[Result "0-1"]
[BlackElo "2327"]
[WhiteElo "2043"]
[LiveChessVersion "1.4.8"]

1. d4 {[%clk 1:30:58]} d5 {[%clk 1:30:53]} 2. Nf3 {[%clk 1:31:23]} Nf6
{[%clk 1:31:19]} 3. c4 {[%clk 1:31:46]} e6 {[%clk 1:31:46]} 4. Nc3
{[%clk 1:32:09]} c6 {[%clk 1:32:13]} 5. e3 {[%clk 1:32:33]} Nbd7 {[%clk 1:32:37]}
6. Bd3 {[%clk 1:32:57]} dxc4 {[%clk 1:32:56]} 7. Bxc4 {[%clk 1:33:26]} b5
{[%clk 1:33:13]} 8. Be2 {[%clk 1:33:38]} Be7 {[%clk 1:31:36]} 9. e4
{[%clk 1:27:13]} b4 {[%clk 1:27:52]} 10. e5 {[%clk 1:27:41]} bxc3
{[%clk 1:28:08]} 11. exf6 {[%clk 1:28:08]} Nxf6 {[%clk 1:27:32]} 12. bxc3
{[%clk 1:28:35]} O-O {[%clk 1:24:26]} 13. O-O {[%clk 1:29:02]} c5
{[%clk 1:22:00]} 14. Ne5 {[%clk 1:25:41]} Bb7 {[%clk 1:17:58]} 15. Ba3
{[%clk 1:10:04]} Qc7 {[%clk 1:13:30]} 16. Bf3 {[%clk 0:53:09]} Bxf3
{[%clk 0:56:01]} 17. Nxf3 {[%clk 0:52:58]} Rfd8 {[%clk 0:55:28]} 18. Qa4
{[%clk 0:52:37]} cxd4 {[%clk 0:52:19]} 19. Bxe7 {[%clk 0:52:46]} Qxe7
{[%clk 0:53:15]} 20. cxd4 {[%clk 0:53:02]} Nd5 {[%clk 0:51:40]} 21. Rfe1
{[%clk 0:52:34]} Rac8 {[%clk 0:50:31]} 22. Rac1 {[%clk 0:52:48]} Rc7
{[%clk 0:41:02]} 23. Rxc7 {[%clk 0:53:02]} Qxc7 {[%clk 0:41:16]} 24. h3
{[%clk 0:49:00]} h6 {[%clk 0:40:34]} 25. Qa6 {[%clk 0:49:00]} Rb8
{[%clk 0:33:09]} 26. Qa3 {[%clk 0:45:32]} Rc8 {[%clk 0:30:43]} 27. Qa6
{[%clk 0:45:37]} Nb4 {[%clk 0:29:35]} 28. Qa4 {[%clk 0:45:40]} Nd3
{[%clk 0:25:12]} 29. Rf1 {[%clk 0:45:54]} Nf4 {[%clk 0:23:45]} 30. Qa6
{[%clk 0:43:20]} Rb8 {[%clk 0:19:15]} 31. Qa3 {[%clk 0:43:44]} a5
{[%clk 0:15:06]} 32. Kh1 {[%clk 0:43:56]} Rc8 {[%clk 0:15:11]} 33. Qe3
{[%clk 0:42:38]} Nd5 {[%clk 0:14:57]} 34. Qb3 {[%clk 0:42:29]} Qc2
{[%clk 0:11:02]} 35. Kg1 {[%clk 0:41:35]} a4 {[%clk 0:09:21]} 36. Qb7
{[%clk 0:41:48]} Rc7 {[%clk 0:08:36]} 37. Qb8+ {[%clk 0:41:05]} Kh7
{[%clk 0:08:31]} 38. Qf8 {[%clk 0:41:06]} f6 {[%clk 0:06:52]} 39. a3
{[%clk 0:39:28]} Nf4 {[%clk 0:06:42]} 40. Qd6 {[%clk 0:39:26]} Ne2+
{[%clk 0:06:40]} 41. Kh2 {[%clk 0:38:29]} Rc6 {[%clk 0:06:10]} 42. Qd7
{[%clk 0:38:15]} Qc4 {[%clk 0:04:17]} 43. Re1 {[%clk 0:38:12]} Nf4
{[%clk 0:04:03]} 44. Re4 {[%clk 0:38:11]} Qd5 {[%clk 0:03:25]} 45. Qxd5
{[%clk 0:37:22]} Nxd5 {[%clk 0:03:54]} 46. Ne1 {[%clk 0:37:26]} Rc3
{[%clk 0:02:12]} 47. Rxe6 {[%clk 0:37:51]} Rxa3 {[%clk 0:02:38]} 48. Ra6
{[%clk 0:38:13]} Nb4 {[%clk 0:02:30]} 49. Ra8 {[%clk 0:37:50]} Ra1
{[%clk 0:02:43]} 50. Nf3 {[%clk 0:38:11]} a3 {[%clk 0:02:10]} 51. Ra4
{[%clk 0:38:23]} a2 {[%clk 0:01:39]} 52. Rxb4 {[%clk 0:38:46]} Rb1
{[%clk 0:01:10]} 53. Ra4 {[%clk 0:39:14]} a1=Q {[%clk 0:01:32]} 54. Rxa1
{[%clk 0:39:40]} Rxa1 {[%clk 0:01:59]} 55. Kg3 {[%clk 0:39:47]} Kg6
{[%clk 0:02:19]} 56. Nh4+ {[%clk 0:40:03]} Kf7 {[%clk 0:02:28]} 57. f4
{[%clk 0:40:19]} Ra3+ {[%clk 0:02:33]} 58. Kg4 {[%clk 0:40:10]} g6
{[%clk 0:02:15]} 59. Nf3 {[%clk 0:40:34]} h5+ {[%clk 0:02:09]} 60. Kh4
{[%clk 0:40:53]} Ke6 {[%clk 0:02:22]} 61. Kg3 {[%clk 0:39:27]} Kf5
{[%clk 0:02:23]} 62. d5 {[%clk 0:39:13]} Rd3 {[%clk 0:02:12]} 63. d6
{[%clk 0:39:42]} g5 {[%clk 0:01:45]} 64. fxg5 {[%clk 0:40:07]} fxg5
{[%clk 0:02:09]} 65. Kf2 {[%clk 0:40:03]} Rxd6 {[%clk 0:02:35]} 66. Ke3
{[%clk 0:40:16]} Re6+ {[%clk 0:02:43]} 67. Kf2 {[%clk 0:40:43]} Ra6
{[%clk 0:03:01]} 68. Nd4+ {[%clk 0:40:22]} Ke4 {[%clk 0:02:50]} 69. Nf3
{[%clk 0:40:44]} Ra2+ {[%clk 0:03:08]} 70. Kg3 {[%clk 0:40:33]} Ra3
{[%clk 0:01:20]} 71. Kf2 {[%clk 0:40:28]} g4 {[%clk 0:01:13]} 72. hxg4
{[%clk 0:40:56]} hxg4 {[%clk 0:01:38]} 73. Nh4 {[%clk 0:40:56]} g3+
{[%clk 0:01:29]} 74. Kf1 {[%clk 0:41:02]} Ke5 0-1

[Event "XIII International Chess Festival"]
[Site "Paracin"]
[Date "2020.07.07"]
[Round "5.14"]
[White "Pasti, Aron"]
[Black "Konyves, Almos"]
[Result "1-0"]
[BlackElo "2090"]
[WhiteElo "2325"]
[LiveChessVersion "1.4.8"]

1. c4 {[%clk 1:30:52]} Nf6 {[%clk 1:29:51]} 2. Nf3 {[%clk 1:30:54]} d6
{[%clk 1:29:49]} 3. g3 {[%clk 1:30:46]} e5 {[%clk 1:29:37]} 4. d4
{[%clk 1:28:27]} e4 {[%clk 1:29:47]} 5. Nfd2 {[%clk 1:27:33]} c6 {[%clk 1:27:17]}
6. Bg2 {[%clk 1:26:22]} Bf5 {[%clk 1:26:48]} 7. Nc3 {[%clk 1:24:54]} d5
{[%clk 1:25:26]} 8. f3 {[%clk 1:20:27]} exf3 {[%clk 1:23:00]} 9. Bxf3
{[%clk 1:19:31]} dxc4 {[%clk 1:16:41]} 10. Nxc4 {[%clk 1:17:25]} Bb4
{[%clk 1:12:45]} 11. O-O {[%clk 1:15:24]} Be6 {[%clk 0:57:02]} 12. Ne5
{[%clk 1:14:12]} h6 {[%clk 0:56:37]} 13. e4 {[%clk 1:13:14]} Nbd7
{[%clk 0:55:59]} 14. Bf4 {[%clk 1:10:00]} g5 {[%clk 0:47:00]} 15. Nxd7
{[%clk 1:09:15]} Nxd7 {[%clk 0:47:17]} 16. Be3 {[%clk 1:06:08]} Nb6
{[%clk 0:47:17]} 17. d5 {[%clk 0:56:16]} Bh3 {[%clk 0:37:01]} 18. Rf2
{[%clk 0:56:07]} Qe7 {[%clk 0:32:43]} 19. Qb3 {[%clk 0:53:55]} Bc5
{[%clk 0:29:42]} 20. Bxc5 {[%clk 0:51:53]} Qxc5 {[%clk 0:30:05]} 21. Ne2
{[%clk 0:36:38]} cxd5 {[%clk 0:18:11]} 22. Rc1 {[%clk 0:35:32]} Qd6
{[%clk 0:18:18]} 23. exd5 {[%clk 0:34:56]} O-O {[%clk 0:18:13]} 24. Nc3
{[%clk 0:31:43]} Rac8 {[%clk 0:15:46]} 25. Rd1 {[%clk 0:32:07]} Rfe8
{[%clk 0:06:32]} 26. Ne4 {[%clk 0:28:06]} Qg6 {[%clk 0:05:08]} 27. d6
{[%clk 0:24:04]} Be6 {[%clk 0:03:11]} 28. Qd3 {[%clk 0:19:39]} Bf5
{[%clk 0:01:08]} 29. Bh5 {[%clk 0:18:46]} Bxe4 {[%clk 0:00:44]} 30. Bxg6
{[%clk 0:19:11]} Bxd3 {[%clk 0:01:08]} 31. Bxf7+ {[%clk 0:19:38]} Kg7
{[%clk 0:01:20]} 32. Bxe8 {[%clk 0:19:36]} 1-0

[Event "XIII International Chess Festival"]
[Site "Paracin"]
[Date "2020.07.07"]
[Round "5.15"]
[White "Todorovic, Nenad I"]
[Black "Micic, Aleksa"]
[Result "1-0"]
[BlackElo "2008"]
[WhiteElo "2295"]
[LiveChessVersion "1.4.8"]

1. e4 {[%clk 1:30:53]} c5 {[%clk 1:30:51]} 2. Nf3 {[%clk 1:31:15]} d6
{[%clk 1:31:05]} 3. d4 {[%clk 1:31:11]} cxd4 {[%clk 1:31:28]} 4. Nxd4
{[%clk 1:31:31]} Nf6 {[%clk 1:31:34]} 5. Nc3 {[%clk 1:31:57]} a6 {[%clk 1:31:54]}
6. Be3 {[%clk 1:32:15]} e5 {[%clk 1:31:36]} 7. Nb3 {[%clk 1:32:39]} Be7
{[%clk 1:31:33]} 8. f3 {[%clk 1:32:24]} Be6 {[%clk 1:31:26]} 9. Qd2
{[%clk 1:32:37]} O-O {[%clk 1:30:55]} 10. O-O-O {[%clk 1:32:57]} a5
{[%clk 1:26:00]} 11. Bb5 {[%clk 1:27:23]} Na6 {[%clk 1:25:18]} 12. Kb1
{[%clk 0:52:54]} Nc7 {[%clk 1:24:39]} 13. Bb6 {[%clk 0:50:18]} Qb8
{[%clk 1:25:04]} 14. Qf2 {[%clk 0:37:02]} Nxb5 {[%clk 1:00:48]} 15. Nxb5
{[%clk 0:37:28]} a4 {[%clk 0:59:26]} 16. Nc1 {[%clk 0:30:08]} a3 {[%clk 0:53:21]}
17. b3 {[%clk 0:27:19]} Ne8 {[%clk 0:48:22]} 18. c4 {[%clk 0:11:05]} f5
{[%clk 0:46:03]} 19. Qc2 {[%clk 0:09:57]} Ra6 {[%clk 0:45:13]} 20. Be3
{[%clk 0:10:05]} Nc7 {[%clk 0:44:27]} 21. Nxc7 {[%clk 0:08:46]} Qxc7
{[%clk 0:44:25]} 22. Ne2 {[%clk 0:09:09]} fxe4 {[%clk 0:40:47]} 23. fxe4
{[%clk 0:09:34]} Bg4 {[%clk 0:40:34]} 24. Rdf1 {[%clk 0:09:09]} Bxe2
{[%clk 0:40:26]} 25. Qxe2 {[%clk 0:09:20]} Raa8 {[%clk 0:38:55]} 26. Qd3
{[%clk 0:09:22]} Qc6 {[%clk 0:37:01]} 27. Qd5+ {[%clk 0:07:11]} Qxd5
{[%clk 0:33:45]} 28. cxd5 {[%clk 0:07:35]} Rfc8 {[%clk 0:31:13]} 29. Rc1
{[%clk 0:07:10]} h5 {[%clk 0:26:45]} 30. Rxc8+ {[%clk 0:07:30]} Rxc8
{[%clk 0:27:13]} 31. Rc1 {[%clk 0:07:13]} Rf8 {[%clk 0:27:43]} 32. Kc2
{[%clk 0:02:47]} h4 {[%clk 0:16:59]} 33. h3 {[%clk 0:02:05]} Rf6 {[%clk 0:16:44]}
34. Re1 {[%clk 0:00:49]} b5 {[%clk 0:13:59]} 35. Kc3 {[%clk 0:00:48]} Rf8
{[%clk 0:03:04]} 36. Kb4 {[%clk 0:01:14]} Rb8 {[%clk 0:02:21]} 37. Rc1
{[%clk 0:00:50]} Rb7 {[%clk 0:02:22]} 38. Kxa3 {[%clk 0:00:49]} Kf7
{[%clk 0:01:20]} 39. Kb4 {[%clk 0:01:02]} Ke8 {[%clk 0:01:36]} 40. Rc6
{[%clk 0:01:10]} Kd7 {[%clk 0:02:00]} 41. Bb6 {[%clk 0:00:46]} g5
{[%clk 0:01:02]} 42. Kxb5 {[%clk 0:01:08]} Bd8 {[%clk 0:00:49]} 43. Ka6
{[%clk 0:00:53]} Rb8 {[%clk 0:01:14]} 44. Ka7 {[%clk 0:01:17]} 1-0

[Event "XIII International Chess Festival"]
[Site "Paracin"]
[Date "2020.07.07"]
[Round "5.16"]
[White "Kisic, Jovan"]
[Black "Ivic, Matija"]
[Result "1-0"]
[BlackElo "2225"]
[WhiteElo "1903"]
[LiveChessVersion "1.4.8"]

1. e4 {[%clk 1:30:58]} e6 {[%clk 1:29:44]} 2. d4 {[%clk 1:30:27]} d5
{[%clk 1:30:06]} 3. exd5 {[%clk 1:28:53]} exd5 {[%clk 1:30:26]} 4. Nf3
{[%clk 1:28:53]} Bd6 {[%clk 1:30:40]} 5. Bd3 {[%clk 1:28:46]} Bg4
{[%clk 1:30:51]} 6. h3 {[%clk 1:28:42]} Bh5 {[%clk 1:31:14]} 7. O-O
{[%clk 1:28:31]} Nc6 {[%clk 1:31:25]} 8. c3 {[%clk 1:28:42]} Qd7 {[%clk 1:31:41]}
9. Nbd2 {[%clk 1:27:24]} Nge7 {[%clk 1:31:17]} 10. Qc2 {[%clk 1:27:25]} O-O-O
{[%clk 1:31:15]} 11. b4 {[%clk 1:26:50]} Kb8 {[%clk 1:28:49]} 12. b5
{[%clk 1:22:54]} Na5 {[%clk 1:29:13]} 13. Re1 {[%clk 1:22:26]} f6
{[%clk 1:28:44]} 14. Qa4 {[%clk 1:17:09]} b6 {[%clk 1:28:29]} 15. Ba3
{[%clk 1:17:20]} g5 {[%clk 1:25:59]} 16. Bxd6 {[%clk 1:17:14]} Qxd6
{[%clk 1:24:15]} 17. Qb4 {[%clk 1:17:04]} Bg6 {[%clk 1:23:44]} 18. Bb1
{[%clk 1:03:57]} Nf5 {[%clk 1:21:41]} 19. g4 {[%clk 1:01:00]} Ng7
{[%clk 1:21:25]} 20. Qxd6 {[%clk 0:58:25]} Rxd6 {[%clk 1:21:27]} 21. Re7
{[%clk 0:55:14]} Ne6 {[%clk 1:21:00]} 22. Bxg6 {[%clk 0:53:36]} hxg6
{[%clk 1:21:24]} 23. Re1 {[%clk 0:53:17]} Nf4 {[%clk 1:21:46]} 24. Re8+
{[%clk 0:53:38]} Rd8 {[%clk 1:22:14]} 25. Rxd8+ {[%clk 0:54:01]} Rxd8
{[%clk 1:22:42]} 26. h4 {[%clk 0:54:15]} gxh4 {[%clk 1:22:28]} 27. Nxh4
{[%clk 0:54:33]} Rh8 {[%clk 1:22:42]} 28. Ng2 {[%clk 0:54:11]} Nh3+
{[%clk 1:21:27]} 29. Kf1 {[%clk 0:52:36]} Ng5 {[%clk 1:21:45]} 30. f4
{[%clk 0:47:58]} Rh1+ {[%clk 1:19:47]} 31. Kf2 {[%clk 0:47:06]} Rxe1
{[%clk 1:20:08]} 32. Kxe1 {[%clk 0:47:20]} Ne6 {[%clk 1:20:09]} 33. f5
{[%clk 0:44:59]} gxf5 {[%clk 1:20:37]} 34. gxf5 {[%clk 0:45:21]} Ng7
{[%clk 1:19:32]} 35. Ne3 {[%clk 0:45:43]} Kc8 {[%clk 1:19:40]} 36. Nxd5
{[%clk 0:45:54]} Nxf5 {[%clk 1:20:09]} 37. Nxf6 {[%clk 0:45:51]} Nd6
{[%clk 1:20:35]} 38. a4 {[%clk 0:45:42]} Nac4 {[%clk 1:21:03]} 39. Kd1
{[%clk 0:44:20]} Kb7 {[%clk 1:20:54]} 40. Nxc4 {[%clk 0:44:03]} Nxc4
{[%clk 1:21:22]} 41. Kc2 {[%clk 0:44:16]} a6 {[%clk 1:21:43]} 42. Kb3
{[%clk 0:37:05]} Nd2+ {[%clk 1:21:26]} 43. Ka3 {[%clk 0:36:26]} Nb1+
{[%clk 1:21:48]} 44. Kb2 {[%clk 0:36:38]} Nd2 {[%clk 1:22:13]} 45. Nd5
{[%clk 0:36:02]} Nc4+ {[%clk 1:22:29]} 46. Kb3 {[%clk 0:36:18]} Nd2+
{[%clk 1:22:53]} 47. Kc2 {[%clk 0:36:42]} Nc4 {[%clk 1:22:12]} 48. bxa6+
{[%clk 0:37:01]} Kxa6 {[%clk 1:22:21]} 49. Nxc7+ {[%clk 0:37:15]} Ka5
{[%clk 1:22:46]} 50. d5 {[%clk 0:32:13]} Kxa4 {[%clk 1:23:09]} 51. Kd3
{[%clk 0:32:20]} Nd6 {[%clk 1:23:20]} 52. Kd4 {[%clk 0:32:15]} Kb3
{[%clk 1:23:43]} 53. Kd3 {[%clk 0:30:18]} Ka4 {[%clk 1:22:02]} 54. Ne6
{[%clk 0:28:40]} Kb5 {[%clk 1:21:30]} 55. Kd4 {[%clk 0:28:06]} Ka4
{[%clk 1:21:13]} 56. Ng5 {[%clk 0:27:21]} Nb5+ {[%clk 1:20:36]} 57. Kd3
{[%clk 0:27:38]} Nc7 {[%clk 1:19:43]} 58. d6 {[%clk 0:27:50]} Na6
{[%clk 1:20:11]} 59. Ne6 {[%clk 0:27:46]} Nb8 {[%clk 1:20:23]} 60. Nf8
{[%clk 0:26:17]} b5 {[%clk 1:20:29]} 61. d7 {[%clk 0:12:44]} Nc6 {[%clk 1:20:57]}
62. Ke4 {[%clk 0:13:10]} Kb3 {[%clk 1:20:30]} 63. Kd5 {[%clk 0:13:26]} Nd8
{[%clk 1:20:58]} 64. Ne6 {[%clk 0:13:37]} Nf7 {[%clk 1:21:26]} 65. Kc5
{[%clk 0:13:50]} Kxc3 {[%clk 1:21:45]} 66. Kxb5 {[%clk 0:14:13]} Kd3
{[%clk 1:21:45]} 67. Ng5 {[%clk 0:14:13]} Nd8 {[%clk 1:22:08]} 68. Kb6
{[%clk 0:14:39]} 1-0

[Event "International OPEN "]
[Site "Paracin, Pool "]
[Date "2020.07.07"]
[Round "5.17"]
[White "Radisavljevic, Dalibor"]
[Black "Durak, Can"]
[Result "1/2-1/2"]
[WhiteElo "2214"]
[BlackElo "1847"]
[PlyCount "111"]
[EventDate "2020.07.03"]

1. e4 c5 2. Nf3 Nc6 3. d4 cxd4 4. Nxd4 g6 5. Nc3 Bg7 6. Be3 Nf6 7. Be2 O-O 8.
Nb3 d6 9. O-O Be6 10. f4 Na5 11. Nxa5 Qxa5 12. Bf3 Nd7 13. Bd4 Rac8 14. Bxg7
Kxg7 15. Qd4+ f6 16. Rad1 Nb6 17. e5 fxe5 18. fxe5 dxe5 19. Qh4 Qc5+ 20. Kh1
Rf4 21. Qg5 Bf5 22. Bxb7 Rd8 23. Rxf4 Rxd1+ 24. Nxd1 exf4 25. Qxf4 Qxc2 26.
Qd4+ Kf7 27. Kg1 e5 28. Qd6 Bg4 29. Bd5+ Nxd5 30. Qxd5+ Be6 31. Qf3+ Kg7 32.
Qb7+ Kh6 33. Qf3 Qc5+ 34. Qe3+ Qxe3+ 35. Nxe3 Kg5 36. a3 Kf4 37. Kf2 Ke4 38.
Ke2 Kd4 39. Kd2 a5 40. b4 axb4 41. axb4 Bd7 42. Nc2+ Kc4 43. Ke3 Bc6 44. Ne1 e4
45. Nc2 Bd5 46. g4 Kc3 47. Nd4 Kxb4 48. Ne2 Kc5 49. Nc3 Kd6 50. Kd4 e3 51. Kxe3
Ke5 52. Nxd5 Kxd5 53. Kf4 h6 54. h4 h5 55. gxh5 gxh5 56. Kg5 1/2-1/2

[Event "International OPEN "]
[Site "Paracin, Pool "]
[Date "2020.07.07"]
[Round "5.18"]
[White "Radojkovic, Stefan"]
[Black "Albers, Sasa"]
[Result "1/2-1/2"]
[WhiteElo "1898"]
[BlackElo "2120"]
[PlyCount "85"]
[EventDate "2020.07.03"]

1. Nf3 Nf6 2. c4 e6 3. g3 b6 4. Bg2 Bb7 5. O-O Be7 6. Nc3 O-O 7. d4 Ne4 8. Qc2
Nxc3 9. bxc3 Nc6 10. Ne5 Na5 11. Bxb7 Nxb7 12. Qa4 c6 13. Rd1 a6 14. Be3 b5 15.
cxb5 cxb5 16. Qc2 Na5 17. a4 f6 18. Nd3 Nc4 19. Bf4 d5 20. axb5 axb5 21. Qb3 g5
22. Be3 Qb6 23. Rdb1 Qc6 24. Bc1 Rfb8 25. Nb4 Qb7 26. Nc2 Kf7 27. Kg2 Qc6 28.
Nb4 Qb7 29. Nd3 e5 30. f3 Kg7 31. Nf2 Qc6 32. e4 h6 33. Qd1 exd4 34. Qxd4 dxe4
35. Qxe4 Qxe4 36. Nxe4 f5 37. Nf2 Rxa1 38. Rxa1 Rb7 39. Rb1 Bf6 40. Nd1 Rd7 41.
Ne3 Nxe3+ 42. Bxe3 Rd3 43. Bd4 1/2-1/2

[Event "International OPEN "]
[Site "Paracin, Pool "]
[Date "2020.07.07"]
[Round "5.19"]
[White "Stankovic, Boris"]
[Black "Zlatkov, Anton"]
[Result "1/2-1/2"]
[WhiteElo "2119"]
[BlackElo "1948"]
[PlyCount "81"]
[EventDate "2020.07.03"]

1. e4 c5 2. Nf3 d6 3. c3 Nf6 4. Be2 g6 5. O-O Bg7 6. Re1 O-O 7. Bf1 Nc6 8. d4
cxd4 9. cxd4 Bg4 10. d5 Ne5 11. Be2 Bxf3 12. gxf3 Ned7 13. Be3 Nc5 14. Bd4 Nh5
15. Bxg7 Kxg7 16. Qd4+ f6 17. Qd2 e5 18. dxe6 Nxe6 19. Nc3 f5 20. Bd3 Nhf4 21.
Kh1 Qh4 22. Rg1 Nh3 23. Rg3 f4 24. Rg2 Nd4 25. Be2 Nxf2+ 26. Kg1 Nh3+ 27. Kf1
Nxe2 28. Nxe2 Qf6 29. Qd4 h6 30. Rd1 Rad8 31. Rg4 Ng5 32. Nxf4 Qxd4 33. Rxd4
Rxf4 34. Rxf4 Ne6 35. e5 Nxf4 36. Rxf4 dxe5 37. Rc4 Rd7 38. Ke2 Kf6 39. Rc8 Rf7
40. Ke3 Kf5 41. h4 1/2-1/2

[Event "International OPEN "]
[Site "Paracin, Pool "]
[Date "2020.07.07"]
[Round "5.20"]
[White "Jancic, Radomir"]
[Black "Mitev, Valentin"]
[Result "0-1"]
[WhiteElo "1966"]
[BlackElo "2240"]
[PlyCount "62"]
[EventDate "2020.07.03"]

1. Nf3 d5 2. d4 Nf6 3. c4 dxc4 4. Nc3 a6 5. a4 Nc6 6. e4 Bg4 7. Be3 Na5 8. Be2
e6 9. O-O Bb4 10. Qc2 O-O 11. Rad1 c6 12. Bg5 h6 13. Bh4 Be7 14. Bxf6 Bxf6 15.
e5 Be7 16. h3 Bf5 17. Ne4 Qd5 18. Nfd2 Qxd4 19. Bf3 Qxe5 20. Nxc4 Nxc4 21. Qxc4
Rfd8 22. Ng3 Bg6 23. Qb3 Qc7 24. Rfe1 Rxd1 25. Rxd1 Rd8 26. Rc1 Qa5 27. Rd1
Rxd1+ 28. Qxd1 Qd8 29. Qb3 Qd7 30. Qc4 Qd3 31. Qg4 Qb1+ 0-1